LEADER 02712nam2 22005773i 450 001 RAV0143488 005 20251003044325.0 010 $a8802036101 020 $aIT$b81-5995 100 $a19910527d1981 ||||0itac50 ba 101 | $aita$cita 102 $ait 181 1$6z01$ai $bxxxe 182 1$6z01$an 183 1$6z01$anc$2RDAcarrier 200 1 $aˆ11: Le ‰forze armate$f Lucio Ceva 210 $aTorino$cUTET$dc1981 215 $aXVI, 641 p., [19] c. di tav.$cill.$d25 cm. 461 1$1001CFI0032553$12001 $aStoria della società italiana dall'unità a oggi$v11 500 10$aˆLe ‰forze armate$3TSA1853091$9SIPV156087$93615691 606 $aForze armate italiane$2FIR$3CFIC027772$9E 606 $aItalia$xPolitica$xStoria$x1861-1973$2FIR$3SBLC000526$9I 606 $aItalia$xEconomia$xStoria$x1861-1973$2FIR$3SBLC000527$9I 606 $aSocietà$xItalia$xStoria$x1861-1973$2FIR$3SBLC143173$9I 676 $a355.006045$9SCIENZA MILITARE. ORGANIZZAZIONI. ITALIA$v20 676 $a355.009$9$v12 676 $a355.009$9$v21 676 $a355.00945$9ARTI E SCIENZE MILITARI. ITALIA$v20 676 $a355.00945$9ARTE E SCIENZA MILITARE. Italia$v21 676 $a355.00945$9SCIENZA MILITARE. Italia$v22 676 $a355.30945$9Scienza militare. Organizzazione e personale delle forze armate - Italia$v14 686 $aIT/X422.4$cFORZE ARMATE OBIEZIONE DI COSCIENZA ITALIA$2R 696 $aVita politica$aAttività politica$aAspetti politici 696 $aEconomia reale$aAttività economiche$aAspetti economici 699 $aPolitica$zVita politica 699 $aPolitica$zAttività politica 699 $aPolitica$zAspetti politici 699 $aEconomia$yEconomia reale 699 $aEconomia$zAttività economiche 699 $aEconomia$zAspetti economici 700 1$aCeva Valla$b, Lucio$3SIPV156087$4070$01441113 790 1$aCeva$b, Lucio$3CFIV349160$zCeva Valla, Lucio 801 3$aIT$bIT-000000$c19910527 850 $aIT-BN0095 $aIT-NA0243 $aIT-NA0299 $aIT-AV0007 $aIT-NA0079 $aIT-CE0127 $aIT-AV0045 901 $bNAP AG$cII $n$ 912 $aRAV0143488 950 2$aBiblioteca Centralizzata di Ateneo$cv. 3;7;9;11$d 01STORICA 22 STODSI$e 01AR 0070082695 VMA (0011 v. 11$fB $h20250724$i20250724 950 2$aCentro Librario e Bibliotecario per la Diffusione della cultura$c4 v. (v. 3-11)$d 67SALA A A XII 4/3$e 67 0000045955 VMA A4(11 v. 11$fA $h20130403$i20130403 977 $a 01$a 67$a AG$a AV$a BN$a CT$a MV 996 $aForze armate$93615691 997 $aUNISANNIO